000 00573nam a2200181Ia 4500
003 GCL
008 140319s9999 xx 000 0 ara d
040 _aGCL /
_cGCL
082 0 4 _a322.42
_bر ت
100 1 _aرفعت السعيد
245 1 0 _aالتأسلم فكر مسلح /
_cرفعت السعيد
300 _a79 ص
490 _aالهيئة العامة للاستعلامات
_v0
650 0 4 _aالحركات الفكرية عند المسلمين
650 0 4 _aالاسلام والمجتمع
650 0 4 _aالاسلام والسياسة
942 _2ddc
_cBK
999 _c48520
_d48520